00420nam a22001457a 450000500170000000800410001702200130005804100240007108200130009510000250010824500410013326000450017430000290021965000260024820240311145800.0240311b |||||||| |||| 00| 0 eng d a02577747 aAfrikaans / English a349 TYD  lAfrikaans / English  aTydskrif vir die Suid-Afrikaanse Reg aKaapstad : bJuta en Kie Beperk, c2008  b177 blaadsye ; c25 cm.  aLegal practice bLaw